| 000 | 00811cab a2200253 4500 | ||
|---|---|---|---|
| 001 | ABS47701 | ||
| 008 | 090401t1992 xxu||||| |||| 00| 0 eng d | ||
| 035 | _a(Sirsi) u63133 | ||
| 041 | _aeng | ||
| 245 | _aLicensing and hotels | ||
| 260 | _c1992 | ||
| 350 | _a0 | ||
| 490 |
_aEstates Times _v(1171) 11 December 1992, 12-14(3) |
||
| 520 | _aAn annual survey which this year focusses on the upheavals in the pub and hotel markets of the UK and Germany. Discusses the effects of mass disposals on the price of pubs. | ||
| 650 | _aGERMANY | ||
| 650 | _aGOLF COURSES | ||
| 650 | _aHOTEL MARKET | ||
| 650 | _aLANDLORD AND TENANT (LICENSED PREMISES) ACT 1990 | ||
| 650 | _aLICENSED PREMISES | ||
| 650 | _aPUBLIC HOUSE MARKET | ||
| 690 | _aLEISURE AND RECREATION | ||
| 942 | _n0 | ||
| 948 | _c04/03/1997 | ||
| 999 |
_c39250 _d39250 |
||